[Event "4NCL Division 3 North"]
[Site "Doncaster, ENG"]
[Date "2019.03.17"]
[Round "8.33"]
[White "Floresc, Petru"]
[Black "Harman, George"]
[Result "0-1"]
[WhiteElo "1967"]
[BlackElo "1810"]
[PlyCount "92"]
[EventDate "2019.03.17"]
[WhiteTeam "Cheddleton 2"]
[BlackTeam "Bolton & Worsley"]

1. e4 c5 2. c3 d5 3. exd5 Qxd5 4. Nf3 Nf6 5. Na3 Nc6 6. Bc4 Qe4+ 7. Be2 a6 8.
d3 Qd5 9. Nc4 Qd8 10. a4 Bg4 11. a5 e6 12. h3 Bh5 13. Bf4 Nd5 14. Bg3 Be7 15.
Qb3 Ra7 16. O-O O-O 17. Rfe1 Nb8 18. Nb6 Nc6 19. Nc4 Nb8 20. Nfe5 Bxe2 21. Rxe2
Nd7 22. d4 cxd4 23. cxd4 Nxe5 24. dxe5 Bc5 25. Rd1 Qc7 26. Rc2 Raa8 27. Nd6 b6
28. Rdc1 Qa7 29. Ne4 Be7 30. axb6 Qxb6 31. Qf3 a5 32. b3 Rab8 33. Nd2 Bg5 34.
Rb1 Qb4 35. Ne4 Be7 36. Kh2 a4 37. Rcb2 a3 38. Ra2 Rfc8 39. Qg4 Kf8 40. Nd6
Qxg4 41. hxg4 Nc3 42. Rc2 Bxd6 43. exd6 Nxb1 44. d7 Rxc2 45. Bd6+ Kg8 46. Bxb8
Rd2 0-1

[Event "4NCL Division 3 North"]
[Site "Doncaster, ENG"]
[Date "2019.03.17"]
[Round "8.34"]
[White "McElvenny, Damien"]
[Black "Edwards, Simon R"]
[Result "1/2-1/2"]
[WhiteElo "1780"]
[BlackElo "1979"]
[PlyCount "43"]
[EventDate "2019.03.17"]
[WhiteTeam "Bolton & Worsley"]
[BlackTeam "Cheddleton 2"]

1. d4 Nf6 2. Bf4 e6 3. Nf3 c5 4. e3 Nc6 5. c4 cxd4 6. exd4 d5 7. Nc3 dxc4 8.
Bxc4 Bb4 9. O-O O-O 10. a3 Bxc3 11. bxc3 Na5 12. Bd3 Nd5 13. Bd2 Qc7 14. Qc2
Nc4 15. Rfc1 h6 16. Bxc4 Qxc4 17. Ne5 Qc7 18. c4 Ne7 19. Bb4 Rd8 20. Qe4 Nc6
21. Nxc6 bxc6 22. Bc5 1/2-1/2

[Event "4NCL Division 3 North"]
[Site "Doncaster, ENG"]
[Date "2019.03.17"]
[Round "8.35"]
[White "Taylor, John Paul"]
[Black "Doherty, Paul"]
[Result "1-0"]
[WhiteElo "1821"]
[BlackElo "1787"]
[PlyCount "105"]
[EventDate "2019.03.17"]
[WhiteTeam "Cheddleton 2"]
[BlackTeam "Bolton & Worsley"]

1. e4 Nc6 2. Nf3 f5 3. exf5 d5 4. d4 Bxf5 5. Bd3 Qd7 6. Bf4 e6 7. Bb5 Bd6 8.
Ne5 Bxe5 9. Bxe5 a6 10. Bxc6 bxc6 11. Nc3 Nf6 12. Na4 Ne4 13. f3 Nd6 14. Bxd6
Qxd6 15. Nc5 O-O 16. O-O e5 17. c3 Rf6 18. Qe2 exd4 19. cxd4 a5 20. Rac1 Rh6
21. Qe5 Rf6 22. Rfe1 h5 23. Qe7 Qd8 24. Re5 Rf7 25. Qxd8+ Rxd8 26. b3 Rb8 27.
Na6 Rb6 28. Re8+ Kh7 29. Ra8 Re7 30. Kf2 a4 31. b4 Bd3 32. Nc5 Re2+ 33. Kg3 h4+
34. Kxh4 Rxb4 35. Rxa4 Rxa4 36. Nxa4 Rxa2 37. Nc5 Bc4 38. Kg3 Rd2 39. Ne6 Kg6
40. Re1 Kf7 41. h4 Kf6 42. Nxc7 Rxd4 43. Re6+ Kf5 44. Rxc6 Rd2 45. Ne6 Kf6 46.
Nf4+ Kf7 47. Kg4 Bf1 48. g3 d4 49. Kg5 Bg2 50. Rc7+ Ke8 51. Rxg7 Bxf3 52. Kf6
Ra2 53. Ne6 1-0

[Event "4NCL Division 3 North"]
[Site "Doncaster, ENG"]
[Date "2019.03.17"]
[Round "8.36"]
[White "Clissold, Julian"]
[Black "Edwards, Roger J"]
[Result "1-0"]
[WhiteElo "1742"]
[BlackElo "1641"]
[PlyCount "73"]
[EventDate "2019.03.17"]
[WhiteTeam "Bolton & Worsley"]
[BlackTeam "Cheddleton 2"]

1. d4 e6 2. Nf3 f5 3. g3 Nf6 4. Bg2 Be7 5. c4 d6 6. Nc3 c6 7. O-O O-O 8. Qc2
Qe8 9. e4 fxe4 10. Nxe4 Nxe4 11. Qxe4 d5 12. Qd3 Qh5 13. Ne5 b6 14. f4 Qf5 15.
Qxf5 Rxf5 16. Re1 Bd6 17. g4 Rf8 18. cxd5 cxd5 19. f5 Nd7 20. Nc4 Bb4 21. Bd2
Bxd2 22. Nxd2 Bb7 23. Rxe6 Nf6 24. h3 Rad8 25. Rae1 Rfe8 26. Kf2 Kf7 27. Kg3
Rxe6 28. Rxe6 Re8 29. Rxe8 Kxe8 30. Kf4 Ke7 31. Bf3 h6 32. h4 Ne8 33. Ke5 Nc7
34. Nb1 Ne8 35. g5 hxg5 36. hxg5 Nd6 37. f6+ 1-0

[Event "4NCL Division 3 North"]
[Site "Doncaster, ENG"]
[Date "2019.03.17"]
[Round "8.41"]
[White "Hall, John"]
[Black "Roberts, Paul"]
[Result "0-1"]
[WhiteElo "2023"]
[BlackElo "2121"]
[PlyCount "66"]
[EventDate "2019.03.17"]
[WhiteTeam "Spirit of Atticus B"]
[BlackTeam "Manchester Manticores 2"]

1. e4 d6 2. d4 Nf6 3. Nc3 e5 4. Nf3 Nbd7 5. Bc4 Be7 6. h3 c6 7. Bb3 Qc7 8. Be3
b5 9. d5 b4 10. dxc6 bxc3 11. cxd7+ Bxd7 12. bxc3 Qxc3+ 13. Bd2 Qc5 14. O-O O-O
15. Be3 Qb4 16. Nd2 Bc6 17. c3 Qb7 18. Rb1 Qc7 19. Bc2 d5 20. f3 Rfd8 21. Qe2
d4 22. cxd4 exd4 23. Bg5 Nh5 24. Bxe7 Qxe7 25. Qf2 Nf4 26. Kh2 d3 27. Bb3 Rd6
28. Qe3 Qh4 29. Qf2 Qh6 30. h4 Rg6 31. g4 Ne2 32. Rbd1 Qf4+ 33. Kh3 Bd7 0-1

[Event "4NCL Division 3 North"]
[Site "Doncaster, ENG"]
[Date "2019.03.17"]
[Round "8.42"]
[White "Lyth, John D"]
[Black "Bimpson, Tom"]
[Result "1/2-1/2"]
[WhiteElo "2042"]
[BlackElo "1984"]
[PlyCount "107"]
[EventDate "2019.03.17"]
[WhiteTeam "Manchester Manticores 2"]
[BlackTeam "Spirit of Atticus B"]

1. d4 d6 2. e4 Nf6 3. Nc3 e5 4. Nf3 exd4 5. Nxd4 Be7 6. Nde2 O-O 7. g3 Nc6 8.
Bg2 Bg4 9. h3 Be6 10. O-O Qd7 11. Kh2 Rad8 12. Nd5 Bxd5 13. exd5 Nb8 14. Be3 a5
15. Qd2 c5 16. Qxa5 Qf5 17. Qd2 Nbd7 18. Nc3 Ne5 19. Qe2 Rfe8 20. Bf4 Bf8 21.
Bxe5 Rxe5 22. Qd3 Qxd3 23. cxd3 Rde8 24. Rad1 g6 25. d4 cxd4 26. Rxd4 Nd7 27.
Rb4 b6 28. h4 f5 29. Bf3 Re1 30. Kg2 Kf7 31. Bd1 Rxf1 32. Kxf1 Rb8 33. Ra4 Rb7
34. Nb5 Ke7 35. Ra3 Nc5 36. Re3+ Kd7 37. Bc2 Bg7 38. b4 Na6 39. a3 Nc7 40. Nxc7
Kxc7 41. Re7+ Kb8 42. Rxb7+ Kxb7 43. h5 b5 44. hxg6 hxg6 45. a4 Bc3 46. axb5
Kb6 47. g4 fxg4 48. Bxg6 Kxb5 49. Bf5 Kxb4 50. Bxg4 Kc5 51. Be6 Kd4 52. Ke2 Ke5
53. Kf3 Bd2 54. Kg4 1/2-1/2

[Event "4NCL Division 3 North"]
[Site "Doncaster, ENG"]
[Date "2019.03.17"]
[Round "8.43"]
[White "Cooper, John G"]
[Black "Webster, Richard J"]
[Result "1/2-1/2"]
[WhiteElo "1937"]
[BlackElo "1997"]
[PlyCount "59"]
[EventDate "2019.03.17"]
[WhiteTeam "Spirit of Atticus B"]
[BlackTeam "Manchester Manticores 2"]

1. e4 e6 2. d3 b5 3. a4 b4 4. g3 a5 5. Bg2 Bb7 6. Nf3 Be7 7. Nbd2 d6 8. O-O Nd7
9. Re1 e5 10. d4 Bf6 11. dxe5 dxe5 12. b3 Ne7 13. Bb2 Ba6 14. Bf1 Bxf1 15. Kxf1
O-O 16. Nc4 Ng6 17. Qd5 Qc8 18. Rad1 Rd8 19. Qd3 Nc5 20. Qe3 Qh3+ 21. Kg1 Rxd1
22. Rxd1 Qh5 23. Rd5 Ne6 24. Ncxe5 Nxe5 25. Nxe5 Bxe5 26. Rxe5 Qd1+ 27. Kg2
Qxc2 28. Rxe6 Qxb2 29. Rc6 Qe5 30. Rc5 1/2-1/2

[Event "4NCL Division 3 North"]
[Site "Doncaster, ENG"]
[Date "2019.03.17"]
[Round "8.44"]
[White "Reed, John"]
[Black "Johnson, Michael D"]
[Result "0-1"]
[WhiteElo "1990"]
[BlackElo "1951"]
[PlyCount "90"]
[EventDate "2019.03.17"]
[WhiteTeam "Manchester Manticores 2"]
[BlackTeam "Spirit of Atticus B"]

1. d4 Nf6 2. c4 g6 3. g3 Bg7 4. Bg2 c5 5. Nf3 O-O 6. d5 d6 7. Nc3 a6 8. a4 Bg4
9. h3 Bxf3 10. Bxf3 Nbd7 11. Bf4 Ne8 12. O-O Ne5 13. Bxe5 Bxe5 14. Bg2 Qa5 15.
Ra3 Qb4 16. Rb3 Qxc4 17. Rxb7 Bxc3 18. bxc3 Qxc3 19. Rxe7 Rb8 20. Qa1 Qa5 21.
h4 Rb4 22. Re4 Rxe4 23. Bxe4 f5 24. Bf3 Qd8 25. Rb1 f4 26. Rb7 fxg3 27. fxg3
Rf7 28. Rxf7 Kxf7 29. Qb2 a5 30. Kg2 h5 31. Qb7+ Qc7 32. Qb3 Nf6 33. Qe3 Kg7
34. Qc3 Kf7 35. Qe3 c4 36. Qc3 Qc5 37. e4 Qb4 38. Qd4 c3 39. Qa7+ Kf8 40. Qa8+
Kf7 41. Qc8 Qb2+ 42. Kh3 c2 43. Qe6+ Kg7 44. Qe7+ Kh8 45. e5 Ng8 0-1

[Event "4NCL Division 3 North"]
[Site "Doncaster, ENG"]
[Date "2019.03.17"]
[Round "8.45"]
[White "Mort, Andrew J"]
[Black "Hymer, Barry"]
[Result "1/2-1/2"]
[WhiteElo "1803"]
[BlackElo "2042"]
[PlyCount "60"]
[EventDate "2019.03.17"]
[WhiteTeam "Spirit of Atticus B"]
[BlackTeam "Manchester Manticores 2"]

1. c4 e5 2. g3 d6 3. Bg2 f5 4. Nc3 Nf6 5. e3 c6 6. Nge2 Be7 7. O-O O-O 8. d4
Nbd7 9. b3 Qe8 10. Ba3 Kh8 11. Qd2 Qh5 12. dxe5 Nxe5 13. f4 Nf7 14. Nd4 Bd7 15.
Rae1 Rae8 16. Bf3 Ng4 17. Qg2 Bf6 18. Nd1 Qg6 19. Nc2 Bd8 20. e4 Bb6+ 21. Kh1
fxe4 22. Bxe4 Bf5 23. Bxf5 Qxf5 24. h3 Nf6 25. Kh2 h5 26. Nde3 Qe4 27. Qxe4
Rxe4 28. Nf5 Rfe8 29. Rxe4 Rxe4 30. Re1 Rxe1 1/2-1/2

[Event "4NCL Division 3 North"]
[Site "Doncaster, ENG"]
[Date "2019.03.17"]
[Round "8.46"]
[White "Hilton, Tim"]
[Black "Bromley, Graham J"]
[Result "1-0"]
[WhiteElo "1960"]
[BlackElo "1787"]
[PlyCount "49"]
[EventDate "2019.03.17"]
[WhiteTeam "Manchester Manticores 2"]
[BlackTeam "Spirit of Atticus B"]

1. c4 Nf6 2. Nc3 e6 3. Nf3 b6 4. e4 Bb7 5. Bd3 d6 6. Bc2 Be7 7. d4 Nbd7 8. O-O
O-O 9. h3 c5 10. d5 exd5 11. exd5 Re8 12. Bf4 a6 13. a4 Bf8 14. Qd3 Ne5 15.
Nxe5 dxe5 16. Bg5 g6 17. f4 e4 18. Nxe4 Bg7 19. Rae1 Rxe4 20. Rxe4 Bc8 21. g4
Qd6 22. Re2 h5 23. f5 hxg4 24. fxg6 Nh5 25. gxf7+ 1-0

[Event "4NCL Division 3 North"]
[Site "Doncaster, ENG"]
[Date "2019.03.17"]
[Round "8.51"]
[White "White, Mark W"]
[Black "Johnson, Paul A"]
[Result "1-0"]
[WhiteElo "2026"]
[BlackElo "1820"]
[PlyCount "95"]
[EventDate "2019.03.17"]
[WhiteTeam "Jorvik"]
[BlackTeam "Bradford DCA Knights C"]

1. e4 e5 2. Nf3 Nc6 3. Bb5 a6 4. Ba4 Nf6 5. O-O Be7 6. Re1 b5 7. Bb3 d6 8. c3
Na5 9. Bc2 c5 10. d4 Qc7 11. h3 O-O 12. Nbd2 Bd7 13. Nf1 Nc4 14. b3 Nb6 15. Bb2
c4 16. Qd2 Rfe8 17. Ng3 g6 18. Rad1 Rad8 19. Qe3 Bf8 20. Ba3 Bc8 21. dxe5 dxe5
22. Bxf8 Kxf8 23. Qg5 Rxd1 24. Rxd1 Qe7 25. bxc4 Nxc4 26. Bb3 Bb7 27. Bxc4 bxc4
28. Nd2 Rd8 29. Rb1 Rd3 30. Nxc4 Rxc3 31. Nxe5 Rc7 32. Rb3 Ng8 33. Qf4 Kg7 34.
Nf3 Nf6 35. e5 Nd5 36. Qd4 Rc1+ 37. Kh2 Kg8 38. Ne4 Rc8 39. Rxb7 Qxb7 40. Nd6
Qc6 41. Nxc8 Qxc8 42. Qxd5 Qc2 43. Qd8+ Kg7 44. Qf6+ Kg8 45. Ng5 Qc7 46. Qd6
Qc4 47. e6 fxe6 48. Qxe6+ 1-0

[Event "4NCL Division 3 North"]
[Site "Doncaster, ENG"]
[Date "2019.03.17"]
[Round "8.52"]
[White "Bramson, Mike"]
[Black "Hodge, Steve R"]
[Result "0-1"]
[WhiteElo "1791"]
[BlackElo "1987"]
[PlyCount "94"]
[EventDate "2019.03.17"]
[WhiteTeam "Bradford DCA Knights C"]
[BlackTeam "Jorvik"]

1. e4 c5 2. Nf3 Nc6 3. Nc3 e5 4. Bc4 Be7 5. d3 Nf6 6. a3 O-O 7. Nd2 d6 8. Nf1
Bg4 9. f3 Be6 10. Nd5 Bxd5 11. exd5 Nb8 12. Ne3 Nbd7 13. O-O Nh5 14. Nf5 Nb6
15. Re1 Bf6 16. Re4 g6 17. Nh6+ Kh8 18. f4 Nxf4 19. Bxf4 exf4 20. Rxf4 Kg7 21.
Qf3 Bd4+ 22. Rxd4 cxd4 23. Ng4 f5 24. Nf2 Qe7 25. Qf4 Rae8 26. Qxd4+ Qe5 27.
Qxe5+ Rxe5 28. d4 Re7 29. Bb3 Rfe8 30. Nd3 g5 31. Rd1 Nd7 32. Ba4 Rc8 33. c3
Nb6 34. Bb3 a5 35. Re1 Rxe1+ 36. Nxe1 a4 37. Ba2 Nc4 38. Nd3 Nd2 39. Kf2 b5 40.
Ke2 Nc4 41. Bxc4 bxc4 42. Nb4 Rb8 43. Kf3 h5 44. Ke3 Kf6 45. Kf3 g4+ 46. Kf4
Re8 47. Nc6 h4 0-1

[Event "4NCL Division 3 North"]
[Site "Doncaster, ENG"]
[Date "2019.03.17"]
[Round "8.53"]
[White "Mounce, Richard B"]
[Black "Winter, Kevin"]
[Result "1/2-1/2"]
[WhiteElo "1961"]
[BlackElo "1740"]
[PlyCount "69"]
[EventDate "2019.03.17"]
[WhiteTeam "Jorvik"]
[BlackTeam "Bradford DCA Knights C"]

1. e4 d6 2. d4 Nf6 3. Nc3 Nbd7 4. Nf3 e5 5. Bg5 Be7 6. Qd2 c6 7. O-O-O Qc7 8.
Kb1 a5 9. Bd3 a4 10. Ne2 a3 11. b3 Qa5 12. Qxa5 Rxa5 13. Bd2 Ra8 14. h3 O-O 15.
dxe5 dxe5 16. Bc3 Bc5 17. Rhf1 Re8 18. Ng3 b5 19. Nf5 g6 20. Ng3 Bf8 21. Ne2 b4
22. Ba1 Ba6 23. Bxa6 Rxa6 24. Nc1 c5 25. Rfe1 Rc6 26. g4 Bd6 27. g5 Nh5 28. Nd2
Nb6 29. Nc4 Nxc4 30. bxc4 Nf4 31. h4 Ne6 32. Rd5 Nf4 33. Rd2 Ne6 34. Rd5 Nf4
35. Rd2 1/2-1/2

[Event "4NCL Division 3 North"]
[Site "Doncaster, ENG"]
[Date "2019.03.17"]
[Round "8.54"]
[White "Braham, Peter"]
[Black "Cowan, Richard M"]
[Result "1/2-1/2"]
[WhiteElo "1704"]
[BlackElo "1908"]
[PlyCount "108"]
[EventDate "2019.03.17"]
[WhiteTeam "Bradford DCA Knights C"]
[BlackTeam "Jorvik"]

1. e4 e6 2. d4 c5 3. Nf3 cxd4 4. Nxd4 Nf6 5. Nc3 Bb4 6. e5 Nd5 7. Bd2 Bxc3 8.
bxc3 Qc7 9. Nb5 Qxe5+ 10. Be2 O-O 11. c4 Nf4 12. Bc3 Qxe2+ 13. Qxe2 Nxe2 14.
Kxe2 Na6 15. Rhd1 b6 16. Be5 f6 17. Bd6 Rf7 18. Ba3 Nc5 19. Nd6 Re7 20. f3 Ba6
21. Kf2 Rd8 22. Rd2 e5 23. Ke3 Re6 24. Rad1 e4 25. f4 g6 26. Bxc5 bxc5 27. Rd5
Rb8 28. Rxc5 Rb6 29. Nb5 d6 30. Rcd5 Bxb5 31. cxb5 a6 32. a4 axb5 33. axb5 f5
34. Ra1 Re7 35. c4 Kf7 36. Ra6 Rxa6 37. bxa6 Ke6 38. Ra5 Ra7 39. h4 h5 40. Kd4
Kd7 41. c5 Kc6 42. cxd6 Kxd6 43. g4 hxg4 44. h5 g3 45. Ke3 Ke6 46. hxg6 Kf6 47.
g7 Kxg7 48. Ke2 Kg6 49. Ra3 Kf6 50. Kf1 Ke6 51. Kg2 Kd5 52. Ra4 Kc5 53. Ra5+
Kd4 54. Kxg3 Ke3 1/2-1/2

[Event "4NCL Division 3 North"]
[Site "Doncaster, ENG"]
[Date "2019.03.17"]
[Round "8.55"]
[White "Flint, Martina"]
[Black "Clarke, Paul Rh"]
[Result "1-0"]
[WhiteElo "1813"]
[BlackElo "1697"]
[PlyCount "141"]
[EventDate "2019.03.17"]
[WhiteTeam "Jorvik"]
[BlackTeam "Bradford DCA Knights C"]

1. f4 d5 2. g3 Nf6 3. Bg2 c6 4. Nf3 e6 5. O-O Bc5+ 6. Kh1 Nbd7 7. h3 O-O 8. e3
Re8 9. d4 Bd6 10. Qe1 Ne4 11. Nbd2 f5 12. Kh2 Ndf6 13. Ne5 Re7 14. Bf3 Bd7 15.
Rg1 Kh8 16. Qe2 Be8 17. a3 Rc8 18. Nb3 b6 19. Bd2 Nxd2 20. Nxd2 Bxe5 21. fxe5
Nd7 22. c3 Nf8 23. Raf1 g6 24. e4 Rcc7 25. Qe3 Rf7 26. exf5 Rxf5 27. Rf2 Qe7
28. Kg2 c5 29. Rgf1 cxd4 30. cxd4 Bb5 31. Rd1 Ba4 32. b3 Be8 33. Nb1 Qd8 34.
Rc1 Rff7 35. Rxc7 Rxc7 36. Qh6 Kg8 37. Bg4 Rf7 38. Rc2 Rc7 39. Qc1 Rxc2+ 40.
Qxc2 Qd7 41. a4 Kg7 42. Qd2 Qc7 43. Nc3 a6 44. Ne2 b5 45. axb5 Bxb5 46. Nf4 Qc8
47. Kg1 Bd7 48. h4 h6 49. Nd3 Qe8 50. Nc5 Bb5 51. Qa5 Qf7 52. Qe1 Qe7 53. Kg2
h5 54. Be2 Bxe2 55. Qxe2 a5 56. Qa6 Qf7 57. Qb7 Kg8 58. Qxf7+ Kxf7 59. Nb7 Nd7
60. Nxa5 g5 61. hxg5 Kg6 62. Kf3 Kxg5 63. Nb7 Kf5 64. Nd6+ Kg5 65. b4 Nb8 66.
b5 h4 67. gxh4+ Kxh4 68. Kf4 Nd7 69. Nf7 Kh5 70. Nd8 Kg6 71. Nxe6 1-0

[Event "4NCL Division 3 North"]
[Site "Doncaster, ENG"]
[Date "2019.03.17"]
[Round "8.56"]
[White "Tait, Bill"]
[Black "Anderson, Paul W"]
[Result "1/2-1/2"]
[WhiteElo "1691"]
[BlackElo "1766"]
[PlyCount "96"]
[EventDate "2019.03.17"]
[WhiteTeam "Bradford DCA Knights C"]
[BlackTeam "Jorvik"]

1. e4 d6 2. d4 g6 3. c4 Bg7 4. Nc3 e5 5. d5 Ne7 6. Nf3 O-O 7. Be2 a6 8. a4 Nd7
9. b4 a5 10. b5 f5 11. Bb2 Nc5 12. Nd2 Kh8 13. Ba3 Nd7 14. Qc2 Ng8 15. Bd3 f4
16. O-O-O Nh6 17. f3 Nf7 18. Nb3 Rg8 19. Kb1 Bf8 20. Qd2 Nb6 21. Ka2 Bd7 22.
Bb2 g5 23. h3 Be7 24. Ka3 Be8 25. Ne2 Nd7 26. Rhg1 c6 27. Rc1 cxb5 28. cxb5 Nc5
29. Nxc5 dxc5 30. Bc4 b6 31. Kb3 Bf6 32. Rcd1 Nd6 33. Qd3 Rc8 34. Bc3 Rg7 35.
Ka2 h5 36. Rh1 Rh7 37. Rdf1 Qe7 38. Bb2 Bd7 39. Rd1 g4 40. hxg4 hxg4 41. Rxh7+
Kxh7 42. Rh1+ Kg7 43. Kb3 Rh8 44. Qd1 Qf8 45. Rxh8 Kxh8 46. Qh1+ Kg8 47. Bc3
Qg7 48. Bd3 Kf8 1/2-1/2

[Event "4NCL Division 3 North"]
[Site "Doncaster, ENG"]
[Date "2019.03.17"]
[Round "8.203"]
[White "Bentley, John L"]
[Black "Gardiner, Eric D"]
[Result "1-0"]
[WhiteElo "2141"]
[BlackElo "1966"]
[PlyCount "61"]
[EventDate "2019.03.17"]
[WhiteTeam "3Cs 2"]
[BlackTeam "Bradford DCA Knights B"]

1. d4 d6 2. c4 e5 3. d5 f5 4. e4 fxe4 5. Nc3 Nf6 6. Bg5 Bf5 7. Nge2 Nbd7 8. Ng3
Bg6 9. Ngxe4 Be7 10. Bxf6 Nxf6 11. Bd3 Nxe4 12. Bxe4 Bxe4 13. Qa4+ c6 14. Nxe4
Qd7 15. O-O cxd5 16. Qxd7+ Kxd7 17. cxd5 Rhc8 18. Rfc1 b5 19. Kf1 Rc4 20. Rxc4
bxc4 21. Rc1 Rb8 22. Rxc4 Rxb2 23. Ra4 Rb7 24. Ra6 Kc7 25. Ke2 Rb2+ 26. Kd3 Kb7
27. Ra3 Rb5 28. Kc4 Kb6 29. Rxa7 Kxa7 30. Kxb5 Kb7 31. g4 1-0

[Event "4NCL Division 3 North"]
[Site "Doncaster, ENG"]
[Date "2019.03.17"]
[Round "8.209"]
[White "Gittens, Nathan L"]
[Black "Dean, Robert A"]
[Result "1-0"]
[WhiteElo "1975"]
[BlackElo "1816"]
[PlyCount "37"]
[EventDate "2019.03.17"]
[WhiteTeam "3Cs 2"]
[BlackTeam "Bradford DCA Knights B"]

1. d4 d5 2. c4 c6 3. Nc3 Nf6 4. Nf3 e6 5. e3 Nbd7 6. Qc2 Bd6 7. g4 h6 8. Rg1
Qe7 9. h4 e5 10. g5 hxg5 11. hxg5 Nh5 12. cxd5 exd4 13. Nxd4 Ne5 14. Be2 Bc5
15. Qe4 Bxd4 16. Qxd4 f5 17. f4 Ng4 18. d6 Qd7 19. e4 1-0

[Event "4NCL Division 3 North"]
[Site "Doncaster, ENG"]
[Date "2019.03.17"]
[Round "8.201"]
[White "Watson, Phil R"]
[Black "Seger, Ruediger"]
[Result "1/2-1/2"]
[WhiteElo "2132"]
[BlackElo "2347"]
[PlyCount "45"]
[EventDate "2019.03.17"]
[WhiteTeam "Bradford DCA Knights B"]
[BlackTeam "Manx Liberty 2"]

1. d4 Nf6 2. c4 g6 3. Nc3 d5 4. cxd5 Nxd5 5. e4 Nxc3 6. bxc3 Bg7 7. Be3 c5 8.
Rc1 Qa5 9. Qd2 cxd4 10. cxd4 Qxd2+ 11. Kxd2 O-O 12. Bb5 Rd8 13. Ne2 Nc6 14.
Bxc6 bxc6 15. Rxc6 Bb7 16. Rc7 Bxe4 17. f3 Bd5 18. Rxe7 Bxa2 19. Ra1 Bc4 20.
Raxa7 Rxa7 21. Rxa7 Bxe2 22. Kxe2 Bxd4 23. Bxd4 1/2-1/2

[Event "4NCL Division 3 North"]
[Site "Doncaster, ENG"]
[Date "2019.03.17"]
[Round "8.204"]
[White "Ormsby, Alan"]
[Black "Sullivan, Daniel"]
[Result "0-1"]
[WhiteElo "1770"]
[BlackElo "1948"]
[PlyCount "66"]
[EventDate "2019.03.17"]
[WhiteTeam "Manx Liberty 2"]
[BlackTeam "Bradford DCA Knights B"]

1. d4 Nf6 2. Bg5 Ne4 3. Bf4 d5 4. e3 c5 5. Bd3 Nf6 6. c3 Nc6 7. Nd2 Bg4 8. Ngf3
e6 9. Qb1 Bd6 10. O-O O-O 11. Ne5 Bh5 12. Bg3 Qc7 13. f4 Bg6 14. Nxg6 hxg6 15.
Nf3 cxd4 16. Nxd4 Qb6 17. Bh4 Be7 18. Rf3 Nd7 19. Bxe7 Nxe7 20. Rh3 Rfc8 21.
Qe1 Nf6 22. Qh4 Kf8 23. Rf1 Neg8 24. g4 Qxb2 25. Qh8 Rxc3 26. Bxg6 Rxe3 27.
Rxe3 Qxd4 28. Rfe1 fxg6 29. Kh1 Qxf4 30. Qh3 Qxg4 31. Qf1 Re8 32. Qb5 Re7 33.
Qc5 Ne4 0-1

[Event "4NCL Division 3 North"]
[Site "Doncaster, ENG"]
[Date "2019.03.17"]
[Round "8.207"]
[White "Holliday, John K"]
[Black "Dobson, Howard EJ"]
[Result "1/2-1/2"]
[WhiteElo "1824"]
[BlackElo "1636"]
[PlyCount "85"]
[EventDate "2019.03.17"]
[WhiteTeam "Bradford DCA Knights B"]
[BlackTeam "Manx Liberty 2"]

1. e4 c5 2. Nf3 Nc6 3. d4 cxd4 4. Nxd4 d6 5. Nc3 Nf6 6. Nxc6 bxc6 7. e5 Ng4 8.
Bf4 Qb6 9. Qf3 dxe5 10. Bg3 Nf6 11. Bc4 Bg4 12. Qe3 e6 13. Qxb6 axb6 14. Bxe5
Be7 15. O-O O-O 16. f3 Bf5 17. Bb3 Bc5+ 18. Kh1 Nd5 19. Nxd5 exd5 20. g4 Bg6
21. c3 Rfe8 22. Bd4 Re2 23. h4 h5 24. Bxc5 bxc5 25. a4 hxg4 26. Bd1 Rxb2 27.
fxg4 Bd3 28. Re1 Be4+ 29. Kg1 Rg2+ 30. Kf1 Rh2 31. h5 Re8 32. a5 Rh1+ 33. Kf2
Rh2+ 34. Kf1 Rh1+ 35. Kf2 Rh2+ 36. Kf1 Rb2 37. Be2 Ra8 38. a6 c4 39. Kg1 Rb6
40. Bxc4 dxc4 41. Rxe4 Rbxa6 42. Rxa6 Rxa6 43. Rxc4 1/2-1/2

[Event "4NCL Division 3 North"]
[Site "Doncaster, ENG"]
[Date "2019.03.17"]
[Round "8.202"]
[White "Akeya-Price, Robert"]
[Black "Adams, Philip"]
[Result "1-0"]
[WhiteElo "1915"]
[BlackElo "2080"]
[PlyCount "63"]
[EventDate "2019.03.17"]
[WhiteTeam "Manx Liberty 2"]
[BlackTeam "3Cs 2"]

1. d4 Nf6 2. c4 d6 3. Nc3 Nbd7 4. e4 e5 5. Nge2 Be7 6. f3 O-O 7. Be3 c6 8. Qd2
a6 9. a4 a5 10. d5 Nc5 11. Nc1 Nh5 12. Be2 g6 13. g4 Nf4 14. Kd1 Nxe2 15. Qxe2
Bh4 16. Kc2 Na6 17. Nd3 Nb4+ 18. Kd2 cxd5 19. cxd5 Nxd3 20. Qxd3 Bg5 21. Bxg5
Qxg5+ 22. Qe3 Qxe3+ 23. Kxe3 Bd7 24. Nb5 Bxb5 25. axb5 Rfc8 26. Rhc1 Rc5 27.
Rxc5 dxc5 28. f4 f6 29. fxe5 fxe5 30. Rf1 Kg7 31. g5 Re8 32. Kd3 1-0

[Event "4NCL Division 3 North"]
[Site "Doncaster, ENG"]
[Date "2019.03.17"]
[Round "8.205"]
[White "Burke, Mitchell R"]
[Black "Costello, John"]
[Result "1/2-1/2"]
[WhiteElo "2027"]
[BlackElo "1696"]
[PlyCount "90"]
[EventDate "2019.03.17"]
[WhiteTeam "3Cs 2"]
[BlackTeam "Manx Liberty 2"]

1. f4 d5 2. Nf3 Nf6 3. g3 g6 4. Bg2 Bg7 5. O-O O-O 6. d3 c6 7. c3 Qb6+ 8. e3
Bg4 9. h3 Bxf3 10. Qxf3 Nbd7 11. Kh1 Nc5 12. Rd1 Qa6 13. Bf1 Nb3 14. d4 Qa5 15.
axb3 Qxa1 16. Na3 Qa2 17. b4 Qb3 18. Bd3 Qa4 19. g4 e6 20. h4 Ne4 21. Bc2 Qa6
22. Bxe4 dxe4 23. Qxe4 Qe2 24. Rg1 Qf2 25. g5 Qxh4+ 26. Kg2 Qg4+ 27. Kf2 Qf5
28. Qf3 Qd5 29. e4 Qb3 30. Rh1 Rfd8 31. e5 a5 32. bxa5 Rxa5 33. Qh3 Rxa3 34.
Qxh7+ Kf8 35. bxa3 Qc2+ 36. Kf3 Qxc3+ 37. Be3 Rxd4 38. Qh2 Rd3 39. Qe2 Qb3 40.
Rc1 Qd5+ 41. Kg4 Ke8 42. Bc5 Rd2 43. Qe3 Rg2+ 44. Kh3 Rd2 45. Kg4 Rg2+ 1/2-1/2

[Event "4NCL Division 3 North"]
[Site "Doncaster, ENG"]
[Date "2019.03.17"]
[Round "8.208"]
[White "Tomlinson, Zak"]
[Black "Ye, Kevin"]
[Result "1/2-1/2"]
[WhiteElo "1660"]
[BlackElo "1990"]
[PlyCount "89"]
[EventDate "2019.03.17"]
[WhiteTeam "Manx Liberty 2"]
[BlackTeam "3Cs 2"]

1. e4 e5 2. Nf3 Nc6 3. Bb5 a6 4. Ba4 Nf6 5. O-O Be7 6. d3 b5 7. Bb3 d6 8. Be3
O-O 9. a3 Na5 10. Ba2 c5 11. b4 cxb4 12. axb4 Nc6 13. c3 d5 14. Bg5 Be6 15.
Nbd2 d4 16. Bxe6 fxe6 17. Qb3 Qd6 18. cxd4 exd4 19. e5 Nxe5 20. Nxe5 Qxe5 21.
Nf3 Qd5 22. Qxd5 exd5 23. Bd2 Nd7 24. Nxd4 Ne5 25. Ne6 Rf6 26. Nc7 Rd8 27. Rae1
Bd6 28. Nxd5 Rg6 29. Rxe5 Bxe5 30. Ne7+ Kf7 31. Nxg6 Kxg6 32. f4 Rxd3 33. fxe5
Rxd2 34. Ra1 Rb2 35. Rxa6+ Kf7 36. Ra7+ Kg6 37. Ra6+ Kf5 38. e6 Rxb4 39. e7 Re4
40. Rb6 Rxe7 41. Rxb5+ Kf4 42. Kf2 Rf7 43. Rb4+ Kg5+ 44. Kg3 h5 45. h4+ 1/2-1/2

[Event "4NCL Division 3 North"]
[Site "Bolton, ENG"]
[Date "2019.05.04"]
[Round "9.11"]
[White "Wall, Tim P"]
[Black "Clarke, Stuart W"]
[Result "1-0"]
[WhiteElo "2241"]
[BlackElo "2208"]
[PlyCount "81"]
[EventDate "2019.05.04"]
[WhiteTeam "White Rose 2"]
[BlackTeam "3Cs 2"]

1. e4 e6 2. d4 d5 3. exd5 exd5 4. Nf3 Bd6 5. c4 Nf6 6. Nc3 O-O 7. Bd3 dxc4 8.
Bxc4 Nbd7 9. O-O h6 10. Re1 Nb6 11. Bb3 Bg4 12. h3 Bh5 13. g4 Bg6 14. Ne5 Bxe5
15. dxe5 Qxd1 16. Rxd1 Ne4 17. f4 Nxc3 18. bxc3 Be4 19. Rd4 Bc6 20. Be3 a5 21.
a3 Rfe8 22. Rad1 a4 23. Ba2 Re7 24. Kf2 Kh7 25. Rd8 Rxd8 26. Rxd8 g6 27. Bd4
Re8 28. Rxe8 Bxe8 29. Bxb6 cxb6 30. Bd5 Kg7 31. Bxb7 Kf8 32. Ke3 g5 33. f5 Bb5
34. Bg2 Bc4 35. Kd4 b5 36. f6 Be2 37. Kc5 Bd3 38. Bc6 Bf1 39. Bxb5 Bxh3 40. Be2
Ke8 41. Kd6 1-0